Αποθήκευση και παραγωγή ηλεκτρικής ενέργειας με τη μορφή πεπιεσμένου αέρα : [μεταπτυχιακή διατριβή]

Αποθηκεύτηκε σε:
Λεπτομέρειες βιβλιογραφικής εγγραφής
Κύριος συγγραφέας: Σεζένιας, Κωνσταντίνος
Συγγραφή απο Οργανισμό/Αρχή: Πανεπιστήμιο Αιγαίου Σχολή Επιστημών της Διοίκησης Τμήμα Μηχανικών Οικονομίας και Διοίκησης Μεταπτυχιακό Πρόγραμμα Σπουδών "Οικονομική & Διοίκηση για Μηχανικούς" - Ο.ΔΙ.Μ
Άλλοι συγγραφείς: Γκιάλας, Ιωάννης (Εισηγητής διατριβής)
Μορφή: Thesis Βιβλίο
Γλώσσα:Greek
Δημοσίευση: 2013
Θέματα:
Διαθέσιμο Online:http://hdl.handle.net/11610/14605
Ετικέτες: Προσθήκη ετικέτας
Δεν υπάρχουν, Καταχωρήστε ετικέτα πρώτοι!

MARC

LEADER 00000cam a2200000 i 4500
001 1/51543
008 140714s2013 gre d
035 |l 10118348 
040 |a GR-MY-UA  |b gre  |e aacr 
041 0 |a gre 
082 0 |a 621.3126  |2 (23) 
100 1 |a Σεζένιας, Κωνσταντίνος. 
245 1 0 |a Αποθήκευση και παραγωγή ηλεκτρικής ενέργειας με τη μορφή πεπιεσμένου αέρα :  |b [μεταπτυχιακή διατριβή] /  |c Κωνσταντίνος Σεζένιας ; επιβλέπων καθηγητής Ιωάννης Γκιάλας 
260 |c 2013 
300 |a 72 σ.;  |b πίν., έγχρ. εικ., σχ.;  |c 30 εκ. 
502 # # |a Διατριβή (μεταπτυχιακή) – Πανεπιστήμιο Αιγαίου, Χίος, 2013. 
504 |a Βιβλιογραφία: σ.71-72 
650 0 0 |a Energy storage. 
650 0 0 |a Power (Mechanics) 
650 0 0 |a Compressed-air  |x Storage. 
650 0 0 |a Dissertations, Academic  |z Greece. 
700 0 |4 ths  |a Γκιάλας, Ιωάννης. 
710 1 |a Πανεπιστήμιο Αιγαίου  |b Σχολή Επιστημών της Διοίκησης  |b Τμήμα Μηχανικών Οικονομίας και Διοίκησης  |b Μεταπτυχιακό Πρόγραμμα Σπουδών "Οικονομική & Διοίκηση για Μηχανικούς" - Ο.ΔΙ.Μ. 
852 |a INST  |b CHIOS  |c DIATR  |e 20140714  |h 621.3126 ΣΕΖ  |p 005200036547  |q 005200036547  |t MTXE  |y 23 
852 |a INST  |b CHIOS  |c DIATR  |e 20140714  |h 621.3126 ΣΕΖ  |p 005200036548  |q 005200036548  |t MTXE  |y 23 
856 |u http://hdl.handle.net/11610/14605 
901 |a BIBL2-2014-2 
909 |a Χ  |b 179795 
909 |a Χ  |b 179796 
924 |a ΣΕΖΕΝΙΑΣ  |b ΚΩΝΣΤΑΝΤΙΝΟΣ  |y ΧΙΟΣ  |z 2013-05 
970 |a ΣΠΕΝΤΖΑ  |b ΕΛΕΝΗ  |z 2014/07/14